The Press in Africa communications Past and Present. (Record no. 344)

MARC details
000 -LEADER
fixed length control field 00392nam a22001217a 4500
005 - DATE AND TIME OF LATEST TRANSACTION
control field 20200812150146.0
008 - FIXED-LENGTH DATA ELEMENTS--GENERAL INFORMATION
fixed length control field 200812b ||||| |||| 00| 0 eng d
020 ## - INTERNATIONAL STANDARD BOOK NUMBER
International Standard Book Number 257748
040 ## - CATALOGING SOURCE
Transcribing agency CML
245 ## - TITLE STATEMENT
Title The Press in Africa communications Past and Present.
Statement of responsibility, etc. Ainslie, R.
260 ## - PUBLICATION, DISTRIBUTION, ETC.
Place of publication, distribution, etc. Great Britain
Name of publisher, distributor, etc. Ebenezer Baylis And Son Ltd
Date of publication, distribution, etc. 1966
942 ## - ADDED ENTRY ELEMENTS (KOHA)
Source of classification or shelving scheme Dewey Decimal Classification
Koha item type Books
Edition 1st Edittion
Classification part 070
Call number suffix AIN
Holdings
Withdrawn status Lost status Source of classification or shelving scheme Damaged status Not for loan Collection code Home library Current library Shelving location Date acquired Total Checkouts Full call number Date last seen Copy number Price effective from Koha item type
    Dewey Decimal Classification     Generalities Chalimbana Main Library Chalimbana Main Library Generalities 08/12/2020   070.5722 AIN 08/12/2020 1 08/12/2020 Books

Powered by Koha